| 000 | 01148nam a2200289 c 4500 | ||
|---|---|---|---|
| 003 | BLK | ||
| 005 | 20180422111948.0 | ||
| 008 | 180409b bul|||||r ||||||| ||bul|| | ||
| 010 | _aKNG00142243000 | ||
| 040 | _aBLK | ||
| 041 |
_aBUL _cBUL |
||
| 080 |
_aБългарска литература _b821.163.2 _x-93-34 _z821.163.2-93-34 |
||
| 100 | 1 |
_aГолев, Иван Владимиров _eпърви автор _9371462 |
|
| 700 | 1 |
_aРусков, Никифор _eхудож. _9364263 |
|
| 139 |
_aГолев, Иван Владимиров _bГ 63 |
||
| 245 | 1 | 0 |
_aПриказки по заповед _cИван Владимиров Голев; худож. Никифор Русков. |
| 257 | _aBGR | ||
| 260 |
_аСофия _bОтечество _c1983 _fВ. Търново : Д. Найденов |
||
| 300 |
_a55 с. _bс ил. _c20 см |
||
| 380 | _aDX | ||
| 500 | _a15 115 тир. | ||
| 852 | _aЦб 257850 | ||
| 856 | 4 |
_qpdf _u |
|
| 856 | 4 |
_qpdf _u |
|
| 942 |
_cKNG _n0 |
||
| 944 |
_aCR _c18.04.2013 _l18.04.2013 - от С1,Р / 18.04.2013 _kИрена_Русанова |
||
| 944 |
_aED _c21.09.2017 _l18.04.2013 - от С1,Р / 18.04.2013 _kСевдалина_Василева |
||
| 999 |
_c136303 _d136303 |
||